00912nam a2200277 i 4500003000900000005001700009008004100026040004300067041000800110082002500118100003300143245006600176264004700242300002200289336002200311337002400333338003300357500002000390504003300410546002000443650003600463650003100499650003700530651001000567856005700577EG-GICUC20260121101742.0260119s1933 us ||||fr|||| 001 0 eng d aEG-GiCUCbengcEG-GiCUCdEG-GiCUCerda aeng04221a341.3051bPO . C0 a POLLARD, ROBERT T.eAuthor.10aChina's Foreign Relations 1917-1931 /c BY ROBERT T. POLLARD. 1aNew York :b The Macmillan Company,c1933. a416 pages,c24 cm 2rda contentatext 2rda mediaaComputer 2rda carrieraOnline Resource aIncludes index. aBibliography: pages 200-250. aText in English14aForeign relations2qrmakxChina14aInternational law 2qrmak14aPublic international law 2qrmak1 2qrmak40uhttps://fll.law.cu.edu.eg/fulltext/bks/B11-06976.pdf